Quebonafide - Egzotyka - Statystyki

Ogólne statystyki
  • Ten quiz został rozwiązany 19 razy
  • Średni wynik to 9 z 14
Statystyki odpowiedzi
Egzotyka % Poprawnych
Madagaskar
94%
Szejk
81%
Odyseusz
75%
Bollywood
69%
C’est la Vie
69%
Zorza
69%
Bumerang
63%
Changa
63%
To nie jest hip-hop
63%
Między słowami
56%
Quebahombre
56%
Arabska noc
50%
Oh My Buddha
50%
Luís Nazário De Lima
44%
Nie znaleziono quizów pasujących do podanych kryteriów
Rozkład punktacji
Procent ludzi z każdym wynikiem
Percentyl według liczby udzielonych odpowiedzi
Twoja historia wyników
Nie rozwiązałeś tego quizu